| 000 | 01103nam a2200229Ia 4500 | ||
|---|---|---|---|
| 999 |
_c39536 _d39536 |
||
| 001 | 6134 | ||
| 003 | GE_BSU | ||
| 005 | 20190927111923.0 | ||
| 008 | 181216s2002||||ge |||||||||||||| ||geo|| | ||
| 040 | _cGE_BSU | ||
| 041 | _ageo | ||
| 080 | _a821.353.1-94 ა-97 | ||
| 100 |
_aახვლედიანი, ვახტანგ _91311 |
||
| 245 |
_aცხოვრების გზაწვრილებით / _cვახტანგ ახვლედიანი ; რედ. ზეინაბ ახვლედიანი ; ომარ მეგრელიშვილი. |
||
| 250 | _aმეორე გამოცემა | ||
| 264 |
_aბათუმი : _bალიონი ; _c2002. |
||
| 300 |
_a164 გვ. ; _bფოტო გარეკანზე _c16 სმ. |
||
| 653 | _aცხოვრების გზაწვრილებით | ||
| 700 |
_aახვლედიანი, ზეინაბ _eრედაქტორი _94347 |
||
| 700 |
_aმეგრელიშვილი, ომარ _eრედაქტორი _93524 |
||
| 942 |
_cBK _2udc |
||